| 000 | 00576nam a2200145Ia 4500 | ||
|---|---|---|---|
| 008 | 140724s9999 xx 000 0 und d | ||
| 050 |
_aHF 5549.5.S38 _b.H912 2012 |
||
| 100 | _aHuldong, Gabrelle Helena. | ||
| 245 | 2 |
_aA study on the Employee's perception of retention strategies in Shell Philippines Exploration - Business Ventures / _cGabrielle Helena M. Huldong. |
|
| 260 |
_aLas PiƱas, Philippines : _bSouthville International School and Colleges, _cc2012. |
||
| 300 |
_a66 p. : _bill. ; _c28 cm. |
||
| 521 | _aHuman Resource Management | ||
| 942 | _cTH | ||
| 999 |
_c228927 _d228927 |
||